| 000 | 00679nam a2200229Ia 4500 | ||
|---|---|---|---|
| 005 | 20241216010042.0 | ||
| 008 | 180423s9999||||xx |||||||||||||| ||und|| | ||
| 020 | _a84-7738-422-3 | ||
| 082 |
_a368.562 _bM26 |
||
| 100 | _aMARCOS DIAS, JAIME Y OTROS | ||
| 245 | 0 |
_aPRODUCTOS Y SERVICIOS FINANCIEROS Y DE SEGUROS _bCICLOS FORMATIVOS |
|
| 250 | _a0 | ||
| 260 |
_aMADRID-ESPAÑA _bSINTESIS S.A. _c1996 |
||
| 300 |
_a302 pag. _c24 cm |
||
| 341 | _h10903 | ||
| 490 |
_v0 _a0 |
||
| 505 | _aSECTOR FINANCIERO-PRODUCTOS/MOBILIARIOS-SEGUROS-MARKETING | ||
| 541 |
_aC _bSAN CRISTOBAL S.A. _d19-Aug-98 _odólar |
||
| 650 | _aCIENCIAS SOCIALES | ||
| 856 | _zHumanidades | ||
| 942 | _cLIBRO | ||
| 999 |
_c4246 _d4246 |
||